Evénements du 11 juin - Statistiques

Statistiques générales
  • Ce quiz a été pris 31 fois
  • Le résultat moyen est 11 sur 15
Statistiques - réponses
Hint Réponse % Correct
Sortie d'E.T. l'extra-terrestre 1982
96%
Napoléon Bonaparte prend l'île de Malte 1798
92%
Christophe Colomb rentre de son 2e voyage 1496
83%
Fin de la bataille de Bir Hakeim 1942
83%
Mort d'Alexandre le Grand - 323
83%
James Cook découvre la Grande barrière de corail 1770
79%
Accident tragique aux 24 heures du Mans - 81 morts 1955
79%
Henri VIII d'Angleterre épouse Catherine d'Aragon 1509
75%
Prise de Troie - 1184
71%
Sacre de Louis XVI 1775
67%
Naissance du compositeur Richard Strauss 1864
67%
Démission du président de la République Alexandre Millerand 1924
67%
1ère exposition internationale du surréalisme 1936
54%
Tremblement de terre en Provence - 49 morts 1909
50%
Les femmes obtiennent le droit de vote en Norvège 1913
29%
Aucun quiz correspondant
Distribution des résultats
% des personnes avec chaque résultat
Percentile par nombre de réponses
Votre historique - résultats
Vous n’avez pas pris ce quiz